Tỉnh Bà Rịa - Vũng Tàu thực hiện tốt nghị quyết số 25-NQ/TW về công tác tôn giáo

Na minha lista:
Detalhes bibliográficos
Autor principal: Trần, Ngọc Hằng
Formato: Livro
Idioma:Undetermined
Assuntos:
Acesso em linha:http://lrc.tdmu.edu.vn/opac/search/detail.asp?aID=2&ID=35643
Tags: Adicionar Tag
Sem tags, seja o primeiro a adicionar uma tag!
Thư viện lưu trữ: Trung tâm Học liệu Trường Đại học Thủ Dầu Một
LEADER 00674nam a2200145Ia 4500
001 TDMU_35643
008 210410s9999 xx 000 0 und d
082 |a 170 
100 |a Trần, Ngọc Hằng 
245 0 |a Tỉnh Bà Rịa - Vũng Tàu thực hiện tốt nghị quyết số 25-NQ/TW về công tác tôn giáo 
245 0 |c Trần Ngọc Hằng 
300 |a Tr.27-29,39 
650 |a Chính trị - Xã hội; Bà Rịa - Vũng Tàu; Nghị quyết số 25NQ/TW; Công tác tôn giáo 
856 |u http://lrc.tdmu.edu.vn/opac/search/detail.asp?aID=2&ID=35643 
980 |a Trung tâm Học liệu Trường Đại học Thủ Dầu Một